Workshop 1 by and for teachers : Writing and Literature (Record no. 25143)
[ view plain ]
| 000 -LEADER | |
|---|---|
| fixed length control field | 00651nam a22002057a 4500 |
| 003 - CONTROL NUMBER IDENTIFIER | |
| control field | OSt |
| 005 - DATE AND TIME OF LATEST TRANSACTION | |
| control field | 20260624121332.0 |
| 008 - FIXED-LENGTH DATA ELEMENTS--GENERAL INFORMATION | |
| fixed length control field | 260624b |||||||| |||| 00| 0 eng d |
| 020 ## - INTERNATIONAL STANDARD BOOK NUMBER | |
| International Standard Book Number | 0435084925 |
| 040 ## - CATALOGING SOURCE | |
| Transcribing agency | Chuka University Library |
| 050 ## - LIBRARY OF CONGRESS CALL NUMBER | |
| Classification number | LB 1576 |
| Item number | .W67 1989 |
| 100 ## - MAIN ENTRY--PERSONAL NAME | |
| Personal name | Atwell, Nancie (Ed.) |
| 9 (RLIN) | 31036 |
| 245 ## - TITLE STATEMENT | |
| Title | Workshop 1 by and for teachers : Writing and Literature |
| 260 ## - PUBLICATION, DISTRIBUTION, ETC. | |
| Place of publication, distribution, etc. | New Hampshire |
| Name of publisher, distributor, etc. | Heinemann |
| Date of publication, distribution, etc. | 1989 |
| 300 ## - PHYSICAL DESCRIPTION | |
| Extent | 133pp |
| 650 ## - SUBJECT ADDED ENTRY--TOPICAL TERM | |
| Topical term or geographic name entry element | English language - Rhetoric - Study and Teaching |
| 9 (RLIN) | 31037 |
| 650 ## - SUBJECT ADDED ENTRY--TOPICAL TERM | |
| Topical term or geographic name entry element | Writing - Study and Teaching (Elementary) |
| 9 (RLIN) | 31038 |
| 650 ## - SUBJECT ADDED ENTRY--TOPICAL TERM | |
| Topical term or geographic name entry element | Teaching - Methodology |
| 9 (RLIN) | 30603 |
| 942 ## - ADDED ENTRY ELEMENTS (KOHA) | |
| Source of classification or shelving scheme | Library of Congress Classification |
| Koha item type | Long Loan Books |
| Suppress in OPAC | No |
| Withdrawn status | Lost status | Source of classification or shelving scheme | Damaged status | Not for loan | Collection | Home library | Current library | Shelving location | Date acquired | Source of acquisition | Cost, normal purchase price | Total Checkouts | Full call number | Barcode | Date last seen | Price effective from | Koha item type |
|---|---|---|---|---|---|---|---|---|---|---|---|---|---|---|---|---|---|
| Library of Congress Classification | General Collection Books | Main Campus Library | Main Campus Library | General Stacks | 24/06/2026 | Donations from books of Africa | 1385.46 | LB 1576 .W67 1989 | 35808/2026 | 24/06/2026 | 24/06/2026 | Long Loan Books |
